00637nam a2200217Ia 4500003000900000008004100009040001300050040001300063041000800076100001800084245005000102250001200152260001200164260000900176300001200185490001500197490000700212942000700219999001300226952018000239IT-RoPAU120407s9999 xx 000 0 und d aIT-RoPAU cIT-RoPAU aita aLucien Sè€ve aMarxismo e teoria della personalità€. 2a ed. aTorino  aEinaudi c1973 c20,5 cm aPaperbacks v36 cBK c310d310 00102ddc406146_80000000000000071aPAULUSbPAULUSd2012-04-11l0o146.8r2012-04-11 00:00:00w2012-04-11yBKzInserito da: In data: n.d. fondo: Via A.Severo 56 Progr:25929